• 首页
  • 本馆介绍
  • 公告通知
  • 最新文献
  • 馆藏检索
  • 电子资源
  • 读者导购
  • 参考咨询
  • 我的图书馆
  • 登录
  • 详细信息显示
  • 放入我的书架
  • 预约/预借图书
  • 作者相关作品
  • 分类相关作品
  • 丛书相关作品
  • 出版社相关作品

书目信息

  • 表格格式
  • 工作单格式
  • 卡片格式
题名:
水生生物资源养护信息采集系统
    
 
作者: 罗刚 , 邹国华 , 陈圣灿 主编
分册:  
出版信息: 北京   中国农业出版社  2018.03
页数: 276页
开本: 24cm
丛书名:
单 册:
中图分类: S937
科图分类:
主题词: 水产资源--资源管理--管理信息系统
电子资源:
ISBN: 978-7-109-22762-0
000 00934nam0 2200253 450
001 890
005 20180926150947.19
010    @a978-7-109-22762-0@dCNY60.00
100    @a20180412d2018 em y0chiy50 ea
101 0  @achi
102    @aCN@b110000
105    @aa z 000yy
200 1  @a水生生物资源养护信息采集系统@9shui sheng sheng wu zi yuan yang hu xin xi cai ji xi tong@f农业部渔业渔政管理局、全国水产技术推广总站、中国水产学会组编
210    @a北京@c中国农业出版社@d2018.03
215    @a276页@c图@d24cm
314    @a主编:罗刚、邹国华、陈圣灿
330    @a本书主要介绍全国水生生物资源养护信息采集系统概况,采集指标体系,系统使用方法,以及资源养护公共信息服务平台使用说明。
606 0  @a水产资源@x资源管理@x管理信息系统
690    @aS937@v5
701  0 @a罗刚@9luo gang@4主编
701  0 @a邹国华@9zou guo hua@4主编
701  0 @a陈圣灿@9chen sheng can@4主编
801  0 @aCN@b91MARC@c20180412
905    @aMuseLib@dS937@e42
    
    水生生物资源养护信息采集系统/农业部渔业渔政管理局、全国水产技术推广总站、中国水产学会组编.-北京:中国农业出版社,2018.03
    276页:图;24cm
    
    
    ISBN 978-7-109-22762-0:CNY60.00
    本书主要介绍全国水生生物资源养护信息采集系统概况,采集指标体系,系统使用方法,以及资源养护公共信息服务平台使用说明。
●
相关链接 在E读中查询图书 在五车中查询图书 在当当中查询图书 在豆瓣中查询图书


正题名:水生生物资源养护信息采集系统     索取号:S937/42         预约/预借

序号 登录号 条形码 馆藏地/架位号 状态 备注
1 1120174   211201741   第二样本阅览室/ [索取号:S937/42] 在馆    
2 1120175   211201750   生命科学系资料室/ [索取号:S937/42] 在馆    
3 1120176   211201769   第三借阅区/ [索取号:S937/42] 在馆    
4 1120177   211201778   第三借阅区/ [索取号:S937/42] 在馆    
5 1120178   211201787   第三借阅区/ [索取号:S937/42] 在馆    
唐山师范学院图书馆 欢迎您!
大连网信软件有限公司© 版权所有